Bài giảng Emzyme Ngành công nghệ sinh học
Kaydedildi:
| Yazar: | |
|---|---|
| Materyal Türü: | Kitap |
| Baskı/Yayın Bilgisi: |
Huế
ĐH Huế
|
| Konular: | |
| Etiketler: |
Etiketle
Etiket eklenmemiş, İlk siz ekleyin!
|
| Thư viện lưu trữ: | Trung tâm Học liệu Lê Vũ Hùng, Trường Đại học Đồng Tháp |
|---|
| LEADER | 00627pam a22002058a 4500 | ||
|---|---|---|---|
| 001 | 00022476 | ||
| 005 | 20171026081022.0 | ||
| 008 | 110530s ||||||Viesd | ||
| 041 | 0 | # | |a Vie |
| 082 | 1 | 4 | |a 572 |b B103GI |
| 100 | 0 | # | |a Đỗ Qúy Hai |
| 245 | 0 | 0 | |b Ngành công nghệ sinh học |c Đỗ Qúy Hai |a Bài giảng Emzyme |
| 260 | # | # | |a Huế |b ĐH Huế |
| 300 | # | # | |a 116 tr. |c 21 cm. |
| 600 | |a enzyme | ||
| 600 | |a sinh học | ||
| 852 | # | # | |b Kho đọc |j KD.0007667 |
| 852 | # | # | |j KD.0007667 |
| 910 | 0 | # | |a ngọc |d 30/05/2011 |
| 980 | # | # | |a Trung tâm Học liệu Lê Vũ Hùng, Trường Đại học Đồng Tháp |